Catálogo
 En Linea

Discurso leído en la academia española. : (Registro nro. 38993)

Detalles MARC
000 -CABECERA
campo de control de longitud fija 00489nam a2200145 a 4500
001 - NÚMERO DE CONTROL
campo de control 000039503
005 - FECHA Y HORA DE LA ÚLTIMA TRANSACCIÓN
campo de control 20201002031702.0
008 - DATOS DE LONGITUD FIJA--INFORMACIÓN GENERAL
campo de control de longitud fija 130704s1880 sp 000 0 spa d
040 ## - FUENTE DE LA CATALOGACIÓN
Centro catalogador/agencia de origen DO-SdBNP
Lengua de catalogación spa
Centro/agencia transcriptor BNPHU
082 ## - NÚMERO DE LA CLASIFICACIÓN DECIMAL DEWEY
Número de clasificación xxx
Número de documento/Ítem xxx
100 1# - ENTRADA PRINCIPAL--NOMBRE DE PERSONA
Nombre de persona Castelar, Emilio
Fechas asociadas al nombre 1832-
9 (RLIN) 65686
245 10 - MENCIÓN DE TÍTULO
Título Discurso leído en la academia española. :
Resto del título seguido de otros varios discursos del mismo orador /
Mención de responsabilidad, etc. Emilio Castelar.
260 ## - PUBLICACIÓN, DISTRIBUCIÓN, ETC.
Lugar de publicación, distribución, etc. Madrid :
Nombre del editor, distribuidor, etc. Angel de San Martin,
Fecha de publicación, distribución, etc. [1880].
300 ## - DESCRIPCIÓN FÍSICA
Extensión 344 p. ;
Dimensiones 18 cm.
Existencias
Estado de retiro Estado de pérdida Restricciones de uso No para préstamo Código de colección Localización permanente Ubicación/localización actual Ubicación en estantería Fecha de adquisición Número de inventario Total de préstamos Signatura topográfica completa Código de barras Fecha visto por última vez Precio válido a partir de Tipo de ítem Koha
      Excluido de préstamo Monografías: Libros y Folletos Patrimonio Dominicano Patrimonio Dominicano En catalogación 04.07.2013 LF1   xxx xxx 39503-10 25.06.2020 25.06.2020 No se presta

Con tecnología Koha